इक्कीसवीं सदी में शिक्षा / (Record no. 118634)

MARC details
000 -LEADER
fixed length control field 01070nam a22002657a 4500
005 - DATE AND TIME OF LATEST TRANSACTION
control field 20170124103117.0
010 ## - LIBRARY OF CONGRESS CONTROL NUMBER
LC control number B-112398
020 ## - INTERNATIONAL STANDARD BOOK NUMBER
Terms of availability 200.00
International Standard Book Number 8188014206
035 ## - SYSTEM CONTROL NUMBER
System control number B-112398
037 ## - SOURCE OF ACQUISITION
Source of stock number/acquisition Cen Lib/Ret
040 ## - CATALOGING SOURCE
Original cataloging agency DPL
Language of cataloging HN
082 ## - DEWEY DECIMAL CLASSIFICATION NUMBER
Classification number 370
Item number आत्मारा
100 ## - MAIN ENTRY--PERSONAL NAME
Personal name आत्माराम
9 (RLIN) 81222
245 ## - TITLE STATEMENT
Title इक्कीसवीं सदी में शिक्षा /
Statement of responsibility, etc आत्माराम
246 ## - VARYING FORM OF TITLE
Title proper/short title Ikkeesvin sadi me shiksha /
Remainder of title by Atmaram
260 ## - PUBLICATION, DISTRIBUTION, ETC. (IMPRINT)
Place of publication, distribution, etc दिल्ली
Name of publisher, distributor, etc अखिल भारती
Date of publication, distribution, etc 2003
270 ## - ADDRESS
City दिल्ली
Address 3014 चर्खेवालान
Postal code 110006
300 ## - PHYSICAL DESCRIPTION
Extent 144पृ.
Dimensions 20सेमी(सजिल्द)
500 ## - GENERAL NOTE
General note अनुक्रमाणिका शामिल
650 ## - SUBJECT ADDED ENTRY--TOPICAL TERM
Topical term or geographic name as entry element शिक्षा -- महत्व
9 (RLIN) 779
650 ## - SUBJECT ADDED ENTRY--TOPICAL TERM
Topical term or geographic name as entry element शिक्षा -- गिरता स्तर
9 (RLIN) 81223
650 ## - SUBJECT ADDED ENTRY--TOPICAL TERM
Topical term or geographic name as entry element Education - Importance
9 (RLIN) 81224
650 ## - SUBJECT ADDED ENTRY--TOPICAL TERM
Topical term or geographic name as entry element Education - declining
9 (RLIN) 81225
942 ## - ADDED ENTRY ELEMENTS (KOHA)
Source of classification or shelving scheme Dewey Decimal Classification
Koha item type Hindi Books
Classification part 370
Call number suffix आत्मारा
Holdings
Withdrawn status Lost status Damaged status Not for loan Home library Current library Date acquired Source of acquisition Cost, normal purchase price Total Checkouts Full call number Barcode Date last seen Copy number Cost, replacement price Price effective from Koha item type
        Central Library Central Library 12/09/2015 Cen Lib/Ret 200.00   370 आत्मारा B-112398 12/09/2015 1 200.00 12/09/2015 Hindi Books
        Central Library Central Library 18/09/2015 Cen Lib/Ret 200.00   370 आत्मारा B-080229 18/09/2015 1 200.00 18/09/2015 Hindi Books

© Delhi Public Library
Hit Counter
free hit counter